Central Library OPAC University of Rajshahi

Introduction to physical inorganic chemistry / (Record no. 9475)

MARC details
000 -LEADER
fixed length control field 00717nam a22002412 4500
001 - CONTROL NUMBER
control field 9475
003 - CONTROL NUMBER IDENTIFIER
rucl marc code BD-RjUL
005 - DATE AND TIME OF LATEST TRANSACTION
control field 20211208234802.0
008 - FIXED-LENGTH DATA ELEMENTS--GENERAL INFORMATION
fixed length control field 741222s1968 xxk 000 0 eng d
035 ## - SYSTEM CONTROL NUMBER
System control number OCLC ocm30282053 from D971001M
-- (BD-RjUL)9520
040 ## - CATALOGING SOURCE
Original cataloging agency UKM
Transcribing agency UKM
Modifying agency BD-RjUL
Language of cataloging eng
041 ## - LANGUAGE CODE
Language code of text/sound track or separate title eng
082 00 - DEWEY DECIMAL CLASSIFICATION NUMBER
Classification number 546
Edition number 18
Author mark and year MAI 1968
100 1# - MAIN ENTRY--PERSONAL NAME
Personal name Marks, David Julian.
9 (RLIN) 29363
245 10 - TITLE STATEMENT
Title Introduction to physical inorganic chemistry /
Statement of responsibility, etc. by D.J. Marks, J. Donnelly.
260 ## - PUBLICATION, DISTRIBUTION, ETC. (IMPRINT)
Name of publisher, distributor, etc. Longmans,
Date of publication, distribution, etc. 1968.
Place of publication, distribution, etc. london:
300 ## - PHYSICAL DESCRIPTION
Pagination 273 p. :
Illustrations ill. ;
Size 20 cm.
500 ## - GENERAL NOTE
General note For O.N.C. and A Level G.C.E.
504 ## - BIBLIOGRAPHY, ETC. NOTE
Bibliography, etc includes index
650 ## - SUBJECT ADDED ENTRY--TOPICAL TERM
Topical term or geographic name as entry element Chemistry,
9 (RLIN) 29364
Topical term or geographic name as entry element Inorganic.
9 (RLIN) 29365
942 ## - ADDED ENTRY ELEMENTS (KOHA)
Source of classification or shelving scheme Dewey Decimal Classification
Koha item type Books
Holdings
Lost status Source of classification or shelving scheme Damaged status Not for loan Collection code Permanent Location Current Location Shelving location Date acquired Source of acquisition Cost, normal purchase price Total Checkouts Full call number Date last seen Copy number Koha item type
  Dewey Decimal Classification   Not For Loan Non-fiction Central Library, University of Rajshahi Central Library, University of Rajshahi Reading Room 07/10/1987 Zeitlinger 8.25   546 MAI 1968 21/01/2014 C-1 Books